[Event "Ottawa RA March op"]
[Site "Ottawa"]
[Date "2019.03.03"]
[Round "5"]
[White "Dunne, Francesco"]
[Black "Simic, Dusan"]
[Result "1-0"]
[WhiteElo "2220"]
[BlackElo "2204"]
[PlyCount "39"]
[EventDate "2019.03.01"]
[EventType "swiss"]
[EventRounds "5"]
[EventCountry "CAN"]
[SourceTitle "EXT 2022"]
[Source "ChessBase"]
[SourceDate "2021.10.06"]
[SourceVersion "1"]
[SourceVersionDate "2021.10.06"]
[SourceQuality "1"]

1. e4 e6 2. d4 d5 3. Nd2 Nf6 4. e5 Nfd7 5. Bd3 c5 6. c3 Nc6 7. Ne2 cxd4 8. cxd4 Be7 9. Nf3 f6 10. Nf4 Nf8 11. exf6 gxf6 12. 0-0 Bd7 13. Ng5 h5 14. Be2 Qb6 15. Bxh5+ Rxh5 16. Qxh5+ Kd8 17. Nf3 Rc8 18. Be3 Be8 19. Qg4 Bd7 20. Qg7 1-0

[Event "Ottawa RA March op"]
[Site "Ottawa"]
[Date "2019.03.02"]
[Round "2"]
[White "Dukic, Zachary"]
[Black "Dunne, Francesco"]
[Result "1-0"]
[WhiteElo "2370"]
[BlackElo "2220"]
[PlyCount "75"]
[EventDate "2019.03.01"]
[EventType "swiss"]
[EventRounds "5"]
[EventCountry "CAN"]
[SourceTitle "EXT 2022"]
[Source "ChessBase"]
[SourceDate "2021.10.06"]
[SourceVersion "1"]
[SourceVersionDate "2021.10.06"]
[SourceQuality "1"]

1. e4 e5 2. Nf3 Nc6 3. Bb5 a6 4. Ba4 Nf6 5. 0-0 Be7 6. d3 b5 7. Bb3 d6 8. a3 Na5 9. Ba2 c5 10. Nc3 Be6 11. Nd5 0-0 12. b4 Nc6 13. c3 Nd7 14. Be3 Kh8 15. a4 Rb8 16. axb5 axb5 17. Qd2 f5 18. exf5 Bxf5 19. Nxe7 Qxe7 20. Bd5 Rb6 21. Ng5 Nf6 22. Bf3 Rc8 23. Ne4 Nd8 24. Ra5 Rbb8 25. bxc5 dxc5 26. Rb1 b4 27. cxb4 cxb4 28. Ra7 Nd7 29. Ra6 Bxe4 30. dxe4 Nc5 31. Rd6 Nf7 32. Rd5 Na4 33. Rd7 Qe6 34. Qd5 Qxd5 35. exd5 Nd8 36. Rb3 Rc3 37. Rxb4 Ra3 38. g3 1-0

[Event "Montreal op"]
[Site "Montreal"]
[Date "2018.09.08"]
[Round "3"]
[White "Dukic, Zachary"]
[Black "Dunne, Francesco"]
[Result "1/2-1/2"]
[WhiteElo "2135"]
[BlackElo "2085"]
[PlyCount "62"]
[EventDate "2018.09.07"]
[EventType "swiss"]
[EventRounds "5"]
[EventCountry "CAN"]
[SourceTitle "CBM 186 Extra"]
[Source "ChessBase"]
[SourceDate "2018.08.24"]
[SourceVersion "1"]
[SourceVersionDate "2018.08.24"]
[SourceQuality "1"]

1. e4 e5 2. Nf3 Nc6 3. Bb5 a6 4. Ba4 Nf6 5. 0-0 Be7 6. d3 d6 7. c3 b5 8. Bc2 0-0 9. Re1 Re8 10. d4 Bb7 11. Nbd2 Bf8 12. a3 Nb8 13. h3 Nbd7 14. Nh2 g6 15. Nhf1 Bg7 16. Ng3 c5 17. d5 c4 18. Nf3 Nc5 19. Be3 Qc7 20. Qd2 Reb8 21. Bh6 Bc8 22. Nh4 Qd8 23. Bxg7 Kxg7 24. Qg5 Bd7 25. Nhf5+ Bxf5 26. Nxf5+ Kh8 27. Nh6 Ra7 28. Qe3 Nh5 29. g3 Qf8 30. Kh2 Re8 31. Rf1 Raa8 1/2-1/2

[Event "CAN-ch University"]
[Site "Ottawa"]
[Date "2018.01.13"]
[Round "3"]
[White "Dunne, Francesco"]
[Black "Bassel, Charaf"]
[Result "1-0"]
[WhiteElo "2210"]
[BlackElo "2201"]
[PlyCount "73"]
[EventDate "2018.01.13"]
[EventType "swiss"]
[EventRounds "5"]
[EventCountry "CAN"]
[SourceTitle "EXT 2022"]
[Source "ChessBase"]
[SourceDate "2021.10.06"]
[SourceVersion "1"]
[SourceVersionDate "2021.10.06"]
[SourceQuality "1"]

1. e4 Nc6 2. Nf3 e5 3. Bc4 Bc5 4. 0-0 Nf6 5. d3 d6 6. c3 0-0 7. Bb3 Ne7 8. h3 Ng6 9. Re1 c6 10. d4 Bb6 11. Nbd2 Qe7 12. Bc2 Re8 13. Nf1 Nh5 14. Be3 Ngf4 15. Kh2 h6 16. Ng1 Nf6 17. Bxf4 exf4 18. Qd3 Rd8 19. Ne2 Nh5 20. Rad1 Bc7 21. Nd2 g6 22. Nf3 Qf6 23. c4 Ba5 24. Nc3 a6 25. a3 b5 26. b4 Bb6 27. a4 Be6 28. axb5 axb5 29. c5 dxc5 30. d5 c4 31. Qd2 Ra3 32. e5 Qe7 33. Nd4 Bxd4 34. Qxd4 Qxb4 35. Qb6 Rxc3 36. Qxd8+ Qf8 37. dxe6 1-0

[Event "Ottawa National Capital op"]
[Site "Ottawa"]
[Date "2017.11.11"]
[Round "2"]
[White "Dunne, Francesco"]
[Black "Sambuev, Bator"]
[Result "0-1"]
[WhiteElo "2214"]
[BlackElo "2618"]
[PlyCount "92"]
[EventDate "2017.11.10"]
[EventType "swiss"]
[EventRounds "5"]
[EventCountry "CAN"]
[SourceTitle "EXT 2022"]
[Source "ChessBase"]
[SourceDate "2021.10.06"]
[SourceVersion "1"]
[SourceVersionDate "2021.10.06"]
[SourceQuality "1"]

1. e4 e6 2. d4 d5 3. Nd2 c5 4. exd5 exd5 5. Ngf3 Nf6 6. Bb5+ Bd7 7. Bxd7+ Nbxd7 8. 0-0 Be7 9. dxc5 Nxc5 10. Nb3 Nce4 11. Nfd4 Qd7 12. f3 Nd6 13. Nc5 Qc8 14. Nd3 0-0 15. c3 Re8 16. Re1 Bf8 17. Bg5 Rxe1+ 18. Qxe1 Nd7 19. Be7 Qc4 20. Bxf8 Nxf8 21. Ne5 Qc7 22. Qg3 Qb6 23. Qf2 Re8 24. Re1 Qa6 25. a3 f6 26. Ng4 Rxe1+ 27. Qxe1 Qb6 28. Qg3 Kf7 29. Ne3 Nb5 30. Nef5 Ne6 31. Qf2 Nexd4 32. Nxd4 Nd6 33. b3 Qc5 34. Qe3 Qc8 35. Kf2 a6 36. Ke2 h5 37. Kd2 b5 38. Qf4 Qd7 39. Qe3 a5 40. Qd3 a4 41. bxa4 bxa4 42. Qh7 Nc4+ 43. Kc1 Qb7 44. Qxh5+ Ke7 45. Nf5+ Ke6 46. Nd4+ Kd6 0-1

[Event "Gatineau Outaouais op"]
[Site "Gatineau"]
[Date "2016.06.04"]
[Round "2"]
[White "Hebert, Jean"]
[Black "Dunne, Francesco"]
[Result "1-0"]
[WhiteElo "2461"]
[BlackElo "2197"]
[PlyCount "87"]
[EventDate "2016.06.03"]
[EventType "swiss"]
[EventRounds "5"]
[EventCountry "CAN"]
[SourceTitle "EXT 2022"]
[Source "ChessBase"]
[SourceDate "2021.10.06"]
[SourceVersion "1"]
[SourceVersionDate "2021.10.06"]
[SourceQuality "1"]

1. Nf3 Nf6 2. c4 e6 3. Nc3 Bb4 4. Qc2 0-0 5. a3 Bxc3 6. Qxc3 b6 7. g3 Bb7 8. Bg2 d6 9. 0-0 Nbd7 10. d3 c5 11. e4 Rc8 12. Bf4 e5 13. Bg5 h6 14. Bd2 Nb8 15. Rae1 Nc6 16. Qc1 Nd4 17. Nxd4 cxd4 18. f4 b5 19. fxe5 dxe5 20. c5 Qe7 21. b4 Rc6 22. Bh3 Bc8 23. Bf5 Be6 24. Re2 Rfc8 25. Rg2 Bxf5 26. Rxf5 Nh7 27. Rgf2 Rf6 28. Qd1 Rcc6 29. Qb3 Rxf5 30. Rxf5 Qe6 31. Qd5 f6 32. Rf1 Ng5 33. a4 a6 34. axb5 axb5 35. Bxg5 hxg5 36. Ra1 Kh7 37. Qxe6 Rxe6 38. Ra7 Kg8 39. g4 g6 40. Kf2 f5 41. Kf3 Rf6 42. Re7 fxg4+ 43. Kxg4 Rf2 44. c6 1-0

[Event "CAN-ch University"]
[Site "Kingston"]
[Date "2016.01.10"]
[Round "4"]
[White "Dunne, Francesco"]
[Black "Gladstone, Simon"]
[Result "0-1"]
[WhiteElo "2165"]
[BlackElo "2152"]
[PlyCount "56"]
[EventDate "2016.01.09"]
[EventType "swiss"]
[EventRounds "5"]
[EventCountry "CAN"]
[SourceTitle "EXT 2022"]
[Source "ChessBase"]
[SourceDate "2021.10.06"]
[SourceVersion "1"]
[SourceVersionDate "2021.10.06"]
[SourceQuality "1"]

1. e4 e6 2. d4 d5 3. Nd2 Nf6 4. Bd3 c5 5. c3 Nc6 6. Ngf3 Qb6 7. e5 Nd7 8. 0-0 cxd4 9. cxd4 Nxd4 10. Nxd4 Qxd4 11. Nf3 Qg4 12. Bd2 Be7 13. Re1 0-0 14. Rc1 f6 15. exf6 Nxf6 16. Re5 Ne4 17. h3 Qg6 18. Qe2 Rxf3 19. Qxf3 Nxd2 20. Qe3 Ne4 21. Bxe4 dxe4 22. Qxe4 Qxe4 23. Rxe4 Bf6 24. Rc7 e5 25. Kf1 Be6 26. b3 Bd5 27. Rg4 Bc6 28. f4 exf4 0-1

[Event "CAN-ch University"]
[Site "Kingston"]
[Date "2016.01.09"]
[Round "1"]
[White "Dunne, Francesco"]
[Black "Trottier, Emile"]
[Result "1-0"]
[WhiteElo "2165"]
[BlackElo "2084"]
[PlyCount "87"]
[EventDate "2016.01.09"]
[EventType "swiss"]
[EventRounds "5"]
[EventCountry "CAN"]
[SourceTitle "EXT 2022"]
[Source "ChessBase"]
[SourceDate "2021.10.06"]
[SourceVersion "1"]
[SourceVersionDate "2021.10.06"]
[SourceQuality "1"]

1. e4 e6 2. d4 d5 3. Nd2 Nf6 4. Bd3 c5 5. c3 Nc6 6. Ngf3 cxd4 7. cxd4 Bb4 8. e5 Ne4 9. 0-0 Nxd2 10. Bxd2 Qb6 11. Rc1 Bd7 12. Be3 a6 13. Ng5 Be7 14. Qh5 g6 15. Qh6 Bf8 16. Qh4 h5 17. Qf4 0-0-0 18. Nxf7 Be7 19. Nxh8 Rxh8 20. Qf7 Qd8 21. Qxg6 h4 22. Qg4 Kb8 23. Qe2 Nb4 24. Rfd1 h3 25. g3 Qg8 26. Bf4 Rh4 27. Qe3 Nxd3 28. Rxd3 Qg6 29. Rdc3 Bb4 30. R3c2 Bb5 31. a3 Ba5 32. Rc5 Ka7 33. a4 Bc4 34. b3 Bxb3 35. Rxa5 Bc4 36. Rc5 Rh7 37. a5 Rf7 38. Bg5 Qh5 39. Bf6 Qf5 40. Rc8 b5 41. axb6+ Kxb6 42. Qa3 Rc7 43. Qd6+ Kb5 44. Rb8+ 1-0

[Event "CAN-ch University"]
[Site "Kingston"]
[Date "2016.01.09"]
[Round "3"]
[White "Mai, Lloyd"]
[Black "Dunne, Francesco"]
[Result "0-1"]
[WhiteElo "2358"]
[BlackElo "2165"]
[PlyCount "66"]
[EventDate "2016.01.09"]
[EventType "swiss"]
[EventRounds "5"]
[EventCountry "CAN"]
[SourceTitle "EXT 2022"]
[Source "ChessBase"]
[SourceDate "2021.10.06"]
[SourceVersion "1"]
[SourceVersionDate "2021.10.06"]
[SourceQuality "1"]

1. e4 e5 2. Nf3 Nc6 3. Bc4 Nf6 4. d3 Bc5 5. c3 0-0 6. 0-0 d6 7. Bb3 Bb6 8. Nbd2 Ne7 9. Nc4 Ng6 10. Nxb6 axb6 11. h3 Qe7 12. Be3 h6 13. Qd2 Kh7 14. Nh2 Nh5 15. d4 Nhf4 16. f3 Be6 17. Bxe6 Qxe6 18. a4 f5 19. b4 Qc4 20. g3 Ne2+ 21. Kf2 Nxg3 22. Kxg3 f4+ 23. Bxf4 Nxf4 24. d5 h5 25. Rf2 c6 26. Nf1 cxd5 27. exd5 Rf6 28. Rh2 Nd3 29. Kg2 Qxd5 30. Qe3 Rc8 31. Ra3 Rxf3 32. c4 Rxe3+ 33. cxd5 Nf4+ 0-1

[Event "Gatineau op"]
[Site "Gatineau"]
[Date "2013.03.03"]
[Round "4"]
[White "Oussedik, Elias"]
[Black "Dunne, Francesco"]
[Result "1-0"]
[WhiteElo "2253"]
[BlackElo "1859"]
[PlyCount "52"]
[EventDate "2013.03.01"]
[EventType "swiss"]
[EventRounds "5"]
[EventCountry "CAN"]
[SourceTitle "EXT 2022"]
[Source "ChessBase"]
[SourceDate "2021.10.06"]
[SourceVersion "1"]
[SourceVersionDate "2021.10.06"]
[SourceQuality "1"]

1. d4 Nf6 2. c4 g6 3. Nc3 Bg7 4. e4 d6 5. Nf3 0-0 6. h3 e5 7. d5 a5 8. Bg5 Na6 9. Be2 Nc5 10. Nd2 h6 11. Be3 b6 12. g4 Ne8 13. Rg1 Kh7 14. Qc2 Qd7 15. h4 Bb7 16. h5 g5 17. Nf1 c6 18. Ng3 Bf6 19. Kf1 Nc7 20. Rd1 Rac8 21. Nf5 Ba6 22. Kg2 b5 23. dxc6 Qxc6 24. cxb5 Nxb5 25. Nxb5 Bxb5 26. Bxb5 Qxb5 1-0

[Event "Gatineau op"]
[Site "Gatineau"]
[Date "2013.03.01"]
[Round "1"]
[White "Dunne, Francesco"]
[Black "De Kerpel, Stijn"]
[Result "1/2-1/2"]
[WhiteElo "1859"]
[BlackElo "2128"]
[PlyCount "55"]
[EventDate "2013.03.01"]
[EventType "swiss"]
[EventRounds "5"]
[EventCountry "CAN"]
[SourceTitle "EXT 2022"]
[Source "ChessBase"]
[SourceDate "2021.10.06"]
[SourceVersion "1"]
[SourceVersionDate "2021.10.06"]
[SourceQuality "1"]

1. e4 c5 2. Nc3 Nc6 3. g3 g6 4. Bg2 Bg7 5. d3 d6 6. Be3 e6 7. Qd2 Rb8 8. Nf3 a6 9. d4 Qe7 10. 0-0 Nf6 11. h3 0-0 12. dxc5 dxc5 13. e5 Nd7 14. Bg5 Qe8 15. Ne4 f6 16. exf6 Nxf6 17. Nxc5 b6 18. Nd3 Ne4 19. Qe3 Nxg5 20. Qxg5 a5 21. Rfe1 Ba6 22. Qe3 Bxd3 23. Qxd3 Bxb2 24. Rab1 Bf6 25. Qb3 Nd4 26. Nxd4 Bxd4 27. Rxe6 Qf7 28. Rxg6+ 1/2-1/2

[Event "Gatineau op-B"]
[Site "Gatineau"]
[Date "2012.03.03"]
[Round "2"]
[White "Dunne, Francesco"]
[Black "Raymond, Robert"]
[Result "1-0"]
[WhiteElo "1879"]
[BlackElo "1451"]
[PlyCount "31"]
[EventDate "2012.03.02"]
[EventType "swiss"]
[EventRounds "5"]
[EventCountry "CAN"]
[SourceTitle "EXT 2022"]
[Source "ChessBase"]
[SourceDate "2021.10.06"]
[SourceVersion "1"]
[SourceVersionDate "2021.10.06"]
[SourceQuality "1"]

1. e4 e5 2. Nf3 Nc6 3. Bb5 a6 4. Ba4 Nf6 5. 0-0 Be7 6. Qe2 0-0 7. c3 b5 8. Bc2 d6 9. a4 Rb8 10. d4 exd4 11. cxd4 Bg4 12. Rd1 Re8 13. e5 Nd5 14. Qe4 Bxf3 15. Qxh7+ Kf8 16. Qh8# 1-0

[Event "Gatineau op-B"]
[Site "Gatineau"]
[Date "2012.03.03"]
[Round "3"]
[White "Scantland, Patrick"]
[Black "Dunne, Francesco"]
[Result "1-0"]
[WhiteElo "1713"]
[BlackElo "1879"]
[PlyCount "47"]
[EventDate "2012.03.02"]
[EventType "swiss"]
[EventRounds "5"]
[EventCountry "CAN"]
[SourceTitle "EXT 2022"]
[Source "ChessBase"]
[SourceDate "2021.10.06"]
[SourceVersion "1"]
[SourceVersionDate "2021.10.06"]
[SourceQuality "1"]

1. d4 Nf6 2. c4 e6 3. Nf3 c5 4. e3 cxd4 5. exd4 d5 6. c5 Nbd7 7. Nc3 Be7 8. Bd3 0-0 9. 0-0 a6 10. a4 Qc7 11. b4 b6 12. Bb2 bxc5 13. dxc5 a5 14. Nb5 Qb7 15. Qc2 Nb8 16. Ne5 Nc6 17. Nxc6 Qxc6 18. Rab1 axb4 19. Bxf6 Bxf6 20. Bxh7+ Kh8 21. Rxb4 g6 22. Bxg6 fxg6 23. Qxg6 e5 24. Rh4+ 1-0

[Event "North American-ch U14"]
[Site "Montreal"]
[Date "2010.08.18"]
[Round "5"]
[White "Dunne, Francesco"]
[Black "Molev, Daniel"]
[Result "1-0"]
[WhiteElo "1403"]
[BlackElo "1218"]
[PlyCount "93"]
[EventDate "2010.08.16"]
[EventType "swiss"]
[EventRounds "7"]
[EventCountry "CAN"]
[SourceTitle "EXT 2013"]
[Source "ChessBase"]
[SourceDate "2012.11.22"]
[SourceVersion "1"]
[SourceVersionDate "2012.11.22"]
[SourceQuality "1"]

1. e4 e6 2. d4 d5 3. e5 c5 4. c3 Qb6 5. Bd3 Nc6 6. Nf3 Bd7 7. Bc2 Na5 8. 0-0 Bb5 9. dxc5 Bxc5 10. b4 Bxf1 11. bxc5 Qxc5 12. Qxf1 Ne7 13. Ba3 Qc7 14. Bd6 Qb6 15. Na3 Qb2 16. Qb5+ Qxb5 17. Nxb5 Kd7 18. Ba4 Nac6 19. Nbd4 Rac8 20. Rb1 b6 21. Bxe7 Kxe7 22. Nxc6+ Kf8 23. Nfd4 g6 24. f4 Kg7 25. Ne2 Rc7 26. g4 Rhc8 27. Ned4 Rb7 28. Bb5 Rbc7 29. Ba4 Rb7 30. f5 gxf5 31. gxf5 Kh8 32. fxe6 Rg8+ 33. Kh1 fxe6 34. Nxe6 Rg6 35. Nf4 Rg4 36. Nd8 Re7 37. Nde6 Rxe6 38. Nxe6 Rxa4 39. Re1 Rxa2 40. Nc7 Kg8 41. e6 a5 42. e7 a4 43. e8Q+ Kg7 44. Re7+ Kh6 45. Qf8+ Kh5 46. Rxh7+ Kg5 47. Rg7+ 1-0

[Event "CAN-ch U10"]
[Site "Ottawa"]
[Date "2007.07.05"]
[Round "6"]
[White "Lai, Jonathan"]
[Black "Dunne, Francesco"]
[Result "1-0"]
[WhiteElo "1473"]
[BlackElo "1315"]
[PlyCount "63"]
[EventDate "2007.07.03"]
[EventType "swiss"]
[EventRounds "7"]
[EventCountry "CAN"]
[SourceTitle "EXT 2022"]
[Source "ChessBase"]
[SourceDate "2021.10.06"]
[SourceVersion "1"]
[SourceVersionDate "2021.10.06"]
[SourceQuality "1"]

1. e4 e5 2. Nf3 Nc6 3. Bc4 Bc5 4. 0-0 Nf6 5. Nc3 d6 6. h3 Be6 7. Bb3 Bxb3 8. axb3 Qd7 9. d3 0-0-0 10. Be3 Bxe3 11. fxe3 h6 12. Nb5 a6 13. Na3 g5 14. Nxe5 Nxe5 15. Rxf6 h5 16. d4 Nc6 17. Rf5 Rdg8 18. b4 g4 19. h4 Nxb4 20. c3 Nc6 21. b4 Qe7 22. Qe1 g3 23. Rf4 Rg4 24. Rxg4 hxg4 25. Qxg3 Rxh4 26. b5 axb5 27. Nxb5 f5 28. exf5 Qh7 29. Ra8+ Kd7 30. Rf8 Ne7 31. e4 d5 32. Qxc7# 1-0

[Event "CAN-ch U10"]
[Site "Ottawa"]
[Date "2007.07.05"]
[Round "5"]
[White "Zhao, Donovan"]
[Black "Dunne, Francesco"]
[Result "1-0"]
[WhiteElo "1487"]
[BlackElo "1315"]
[PlyCount "113"]
[EventDate "2007.07.03"]
[EventType "swiss"]
[EventRounds "7"]
[EventCountry "CAN"]
[SourceTitle "EXT 2022"]
[Source "ChessBase"]
[SourceDate "2021.10.06"]
[SourceVersion "1"]
[SourceVersionDate "2021.10.06"]
[SourceQuality "1"]

1. e4 e5 2. Nf3 Nc6 3. Bc4 Bc5 4. c3 Nf6 5. d4 exd4 6. cxd4 Bb4+ 7. Bd2 Bxd2+ 8. Nbxd2 d6 9. 0-0 0-0 10. Qc2 Bg4 11. Rfe1 Re8 12. h3 Bh5 13. a3 Qd7 14. b4 Bg6 15. Bd3 Re7 16. Re2 Rae8 17. Rc1 d5 18. e5 Bxd3 19. Qxd3 Qd8 20. Nb3 Nd7 21. Ne1 f6 22. f4 fxe5 23. fxe5 Nb6 24. Nc5 Qc8 25. Rec2 Nd7 26. Nf3 Nxc5 27. Rxc5 Qd7 28. Qb5 Qf5 29. Qxb7 Nd8 30. Qxd5+ Ne6 31. Qc4 Kh8 32. Ra5 Rf8 33. Qc2 Qf4 34. Qd1 Qg3 35. Kf1 Ng5 36. Rc3 Ref7 37. Qe1 Rxf3+ 38. Rxf3 Rxf3+ 39. gxf3 Qxh3+ 40. Ke2 Qxf3+ 41. Kd2 Ne4+ 42. Kc1 Nf2 43. Qd2 Qc6+ 44. Rc5 Qh1+ 45. Kb2 Ne4 46. Rxc7 h6 47. Rc8+ Kh7 48. Qc2 Qe1 49. e6 Qh4 50. Rc4 Kg8 51. Rc8+ Kh7 52. Ka2 h5 53. d5 Kh6 54. Rc4 Qf4 55. Rxe4 Qd6 56. Qd2+ g5 57. e7 1-0

[Event "CAN-ch U10"]
[Site "Ottawa"]
[Date "2007.07.04"]
[Round "4"]
[White "Dunne, Francesco"]
[Black "Mongenais, Jacob"]
[Result "1-0"]
[WhiteElo "1315"]
[BlackElo "1487"]
[PlyCount "61"]
[EventDate "2007.07.03"]
[EventType "swiss"]
[EventRounds "7"]
[EventCountry "CAN"]
[SourceTitle "EXT 2022"]
[Source "ChessBase"]
[SourceDate "2021.10.06"]
[SourceVersion "1"]
[SourceVersionDate "2021.10.06"]
[SourceQuality "1"]

1. e4 e5 2. Nf3 Nc6 3. Bc4 Nf6 4. Ng5 d5 5. exd5 Na5 6. Bb5+ c6 7. dxc6 bxc6 8. Be2 h6 9. Nh3 g5 10. g4 h5 11. Nxg5 Nxg4 12. d3 Be7 13. Nf3 Bf5 14. Nc3 Bb4 15. h3 e4 16. hxg4 exf3 17. gxf5 Qe7 18. Be3 fxe2 19. Qxe2 Bxc3+ 20. bxc3 Qb7 21. Bb6+ Kd7 22. Bxa5 c5 23. f6 Qxh1+ 24. Kd2 Qxa1 25. Qe7+ Kc6 26. Qc7+ Kb5 27. c4+ Ka4 28. Qc6+ Ka3 29. Qxc5+ Kb2 30. Qb4+ Kxa2 31. Qb3# 1-0

[Event "CAN-ch U10"]
[Site "Ottawa"]
[Date "2007.07.04"]
[Round "3"]
[White "Levesque, Brale"]
[Black "Dunne, Francesco"]
[Result "0-1"]
[WhiteElo "1224"]
[BlackElo "1315"]
[PlyCount "54"]
[EventDate "2007.07.03"]
[EventType "swiss"]
[EventRounds "7"]
[EventCountry "CAN"]
[SourceTitle "EXT 2022"]
[Source "ChessBase"]
[SourceDate "2021.10.06"]
[SourceVersion "1"]
[SourceVersionDate "2021.10.06"]
[SourceQuality "1"]

1. e4 e5 2. Nf3 Nf6 3. Nc3 Nc6 4. d4 exd4 5. Nxd4 Bb4 6. Bf4 Nxe4 7. Qd3 Nxc3 8. bxc3 Qe7+ 9. Be2 Nxd4 10. Qxd4 Bc5 11. Qe5 Qxe5 12. Bxe5 d6 13. Bxg7 Rg8 14. Bd4 Bxd4 15. cxd4 Rxg2 16. d5 Bg4 17. Bb5+ Kf8 18. Bf1 Re8+ 19. Kd2 Rxf2+ 20. Kc3 Re3+ 21. Kb2 Bf5 22. Rc1 a5 23. h4 a4 24. a3 Rb3+ 25. Ka2 Bxc2 26. Bc4 Bb1+ 27. Ka1 Ra2# 0-1